Sống đẹp Một quan niệm về sống đẹp

Spremljeno u:
Bibliografski detalji
Glavni autor: Lâm Ngữ Đường
Daljnji autori: Nguyễn Hiến Lê (Lược dịch)
Format: Knjiga
Jezik:Vietnamese
Izdano: H. Văn hóa 1999
Teme:
Oznake: Dodaj oznaku
Bez oznaka, Budi prvi tko označuje ovaj zapis!
Thư viện lưu trữ: Mạng thư viện Đại học Đà Nẵng
LEADER 01156nam a2200337 4500
001 000006890
003 3050
005 20110923140936.0
008 110922s1999 viesd
020 |c 25000đ 
041 0 |a vie 
082 |a 128  |b LÂ-Đ 
100 0 |a Lâm Ngữ Đường 
245 0 |a Sống đẹp  |b Một quan niệm về sống đẹp  |c Lâm Ngữ Đường (Lin Yutang) ; Nguyễn Hiến Lê lược dịch 
260 |a H.  |b Văn hóa  |c 1999 
300 |a 359 tr  |c 19 cm 
653 |a Cuộc sống con người 
653 |a sống đẹp 
653 |a Một quan niệm về 
700 |a Nguyễn Hiến Lê  |e Lược dịch 
910 |a Nguyễn Thị Kim Oanh  |d 22/09/2011 
OWN |a LSP 
AVA |a UDN50  |b LSP  |d 128 LÂ-Đ  |e available  |t Error 5001 Not defined in file expand_doc_bib_avail.  |f 2  |g 0  |h N  |i 0  |k 1 
999 |a From the UDN01 
AVA |a UDN50  |b LSP  |d 128 LÂ-Đ  |e available  |t Error 5001 Not defined in file expand_doc_bib_avail.  |f 2  |g 0  |h N  |i 0  |k 1 
TYP |a Monograph 
TYP |a Printed language 
980 |a Mạng thư viện Đại học Đà Nẵng